| 000 | 01007nam a22002651u 4500 | ||
|---|---|---|---|
| 001 | 12284 | ||
| 003 | HDC | ||
| 007 | cr bn --- | ||
| 008 | 210209p2003 my eng | ||
| 040 | _aHDC | ||
| 100 |
_aWahid Said, _eauthor _912806 |
||
| 245 | 0 |
_aTeknik pembungkusan beras perang: Kesan terhadap mutusemasa penyimpanan / _cby Wahid Said, Rosniyana Ahmad, Hashifah Mohd. Ali and Shariffah Norin Syed Abdullah |
|
| 260 |
_aSerdang : _bMalaysian Agricultural Research and Development Institute (MARDI), _c2003 |
||
| 300 | _a2 pages | ||
| 336 |
_atext _2rdacontent |
||
| 337 |
_acomputer _2rdamedia |
||
| 338 |
_aonline resource _2rdacarrier |
||
| 650 |
_aBrown rice _98087 |
||
| 650 |
_aPackaging techniques _912808 |
||
| 650 |
_aPartially milled rice _912807 |
||
| 856 | _zRequest full-text at [email protected] | ||
| 942 | _2lcc | ||
| 942 | _cAR | ||
| 942 | _kJART 003073 | ||
| 999 |
_c9607 _d9607 |
||